How smart schools get and keep community support
Contents: The stage is set for a new way of thinking; Education has customers, too; Doing your demographic homework...
Tallennettuna:
| Päätekijä: | |
|---|---|
| Aineistotyyppi: | Kirja |
| Kieli: | Undetermined |
| Julkaistu: |
Bloomington, Ind.
National Educational Service
1994
|
| Aiheet: | |
| Tagit: |
Lisää tagi
Ei tageja, Lisää ensimmäinen tagi!
|
| Thư viện lưu trữ: | Trung tâm Học liệu Trường Đại học Cần Thơ |
|---|
| LEADER | 00761nam a2200217Ia 4500 | ||
|---|---|---|---|
| 001 | CTU_185919 | ||
| 008 | 210402s9999 xx 000 0 und d | ||
| 082 | |a 659.2 | ||
| 082 | |b C319 | ||
| 100 | |a Carroll, Susan Rovezzi | ||
| 245 | 0 | |a How smart schools get and keep community support | |
| 245 | 0 | |c Susan Rovezzi Carroll, David Carroll | |
| 260 | |a Bloomington, Ind. | ||
| 260 | |b National Educational Service | ||
| 260 | |c 1994 | ||
| 520 | |a Contents: The stage is set for a new way of thinking; Education has customers, too; Doing your demographic homework... | ||
| 650 | |a Schools,Trường học | ||
| 650 | |x Marketing,Tiếp thị | ||
| 650 | |y United States,Mỹ | ||
| 904 | |i Giang | ||
| 980 | |a Trung tâm Học liệu Trường Đại học Cần Thơ | ||